Urban design (Record no. 10475)
[ view plain ]
| 000 -LEADER | |
|---|---|
| fixed length control field | 00289nam a2200133Ia 4500 |
| 003 - CONTROL NUMBER IDENTIFIER | |
| control field | OSt |
| 005 - DATE AND TIME OF LATEST TRANSACTION | |
| control field | 20220412193327.0 |
| 008 - FIXED-LENGTH DATA ELEMENTS--GENERAL INFORMATION | |
| fixed length control field | 220318s9999 xx 000 0 und d |
| 020 ## - INTERNATIONAL STANDARD BOOK NUMBER | |
| International Standard Book Number | 9789352696840 |
| 082 ## - DEWEY DECIMAL CLASSIFICATION NUMBER | |
| Classification number | 711.4 |
| 100 ## - MAIN ENTRY--PERSONAL NAME | |
| Personal name | Ashok G. Wadekar, |
| 245 #0 - TITLE STATEMENT | |
| Title | Urban design |
| 942 ## - ADDED ENTRY ELEMENTS (KOHA) | |
| Source of classification or shelving scheme | |
| Withdrawn status | Lost status | Source of classification or shelving scheme | Damaged status | Koha normalized classification for sorting | Not for loan | Permanent location | Current location | Date acquired | Source of acquisition | Cost, normal purchase price | Total Checkouts | Full call number | Barcode | Date last seen | Date last borrowed | Cost, replacement price | Price effective from | Koha item type |
|---|---|---|---|---|---|---|---|---|---|---|---|---|---|---|---|---|---|---|
| 711_400000000000000 | BMS College of Architecture, Design and Planning | BMS College of Architecture, Design and Planning | 2022-04-13 | 4 | 1421.25 | 1 | 711.4 | AR-PG478 | 2025-01-15 | 2024-12-28 | 1895.00 | 2022-04-13 | PG Books |